Sports Quiz

Random Sports Quiz

Teams in League two 2011/2012 Quiz Stats

 Plays Quiz not verified by Sporcle

Challenge
Share
Tweet
Embed
Score 0/24 Timer 01:00
0 Plays Today
% Correct
Accrington
88.9%
Barnet
77.8%
AFC Wimbledon
66.7%
Aldershot
66.7%
Bradford
66.7%
Swindon
66.7%
Crawley
55.6%
Port Vale
55.6%
Shrewsbury
55.6%
Bristol Rovers
44.4%
Burton
44.4%
Cheltenham
44.4%
% Correct
Dagenham
44.4%
Hereford
44.4%
Macclesfield
44.4%
Northampton
44.4%
Oxford
44.4%
Plymouth
44.4%
Southend
44.4%
Crewe
33.3%
Torquay
33.3%
Gillingham
22.2%
Morecambe
22.2%
Rotherham
11.1%

You're not logged in!

Compare scores with friends on all Sporcle quizzes.
OR
Log In

You Might Also Like...

Show Comments

Extras

Created Jul 2, 2011SourceReportNominate
Tags:2011, 2012, league, team

Top Quizzes Today


Score Distribution

Your Account Isn't Verified!

In order to create a playlist on Sporcle, you need to verify the email address you used during registration. Go to your Sporcle Settings to finish the process.

Report this User

Report this user for behavior that violates our Community Guidelines.

Details: